000 01867nam a22002777a 4500
003 OSt
005 20260512153801.0
008 251023b |||||||| |||| 00| 0 eng d
022 _a0962-8770
040 _aEnglish
_ctbs
041 _aEnglish
100 _aAnastasiadis, Stephanos
_926428
245 _aLobbying and the responsible firm
_b: Agenda‐setting for a freshly conceptualized field
_c/ Stephanos Anastasiadis, Jeremy Moon, Michael Humphreys
260 _bBusiness Ethics: A Eur Rev
_c2018
362 _aBusiness Ethics: A Eur Rev. 2018;27:207–221
520 _a“Responsible lobbying” is an increasingly salient topic within business and management. We make a contribution to the literature on “responsible lobbying” in three ways. First, we provide novel definitions and, thereby, make a clear distinction between lobbying and corporate political activity. We then define responsible lobbying with respect to its content, process, organization, and environment, resulting in a typology of responsible lobbying, a conceptual model that informs the rest of the paper. Second, the paper provides a thematic overview of the current literature underpinning lobbying and the responsible firm, and the underlying paradigms informing this literature. Third, the paper makes specific suggestions for a future research agenda, ending with a consideration of methodological implications of such research.
653 _aCorporate political activity
653 _aLobbying
653 _aLobbying & ethics
653 _aPersuasion (Psychology)
653 _aAgenda setting theory (Communication)
700 _aMoon, Jeremy
_96662
700 _aHumphreys, Michael
_926429
856 _uhttps://bibliotheque.tbs-education.fr/Default/doc/bth/129932752/lobbying-and-the-responsible-firm-agenda-setting-for-a-freshly-conceptualized-field
942 _2lcc
999 _c5146
_d5146